Every Quest in Wynncraft - Statistics

General Stats
  • This quiz has been taken 128 times
  • The average score is 40 of 137
Answer Stats
Starting Area Level Quest % Correct
Gavel 80 ???
100%
Portal to Dern 103 A Hunter's Calling
62%
Ragni 1 Enzan's Brother
62%
Ragni 2 Poisoning the Pest
59%
Dark Forest 64 Realm of Light III - A Headless History
59%
The Realm of Light 79 Realm of Light V - The Realm of Light
59%
Tower of Ascension 40 Tower of Ascension
59%
Ragni 3 Cook Assistant
57%
Dark Forest 62 Realm of Light II - Taproot
57%
Light Forest 71 Realm of Light IV - Finding the Light
57%
The Qira Hive 80 The Qira Hive
57%
Coastal Trail 8 Underwater
54%
Ragni Outskirts 1 King's Recruit
51%
Olux Swamp 54 Realm of Light I - The Worm Holes
51%
Temple of the Legends 68 Temple of the Legends
51%
House of Twain 49 The House of Twain
49%
Detlas 100 A Journey Beyond
46%
Rodoroc 91 Dwarves and Doguns Part I
46%
Dogun's Retreat 92 Dwarves and Doguns Part II
46%
Maltic 16 Maltic's Well
46%
Canyon of the Lost 85 The Lost
46%
Desert 35 WynnExcavation Site A
46%
House of Twain 46 WynnExcavation Site B
46%
Volcanic Island 55 WynnExcavation Site C
46%
Troms 70 WynnExcavation Site D
46%
Lutho 101 A Journey Further
43%
Molten Heights 93 Dwarves and Doguns Part III
43%
Pit of the Dead 24 Pit of the Dead
43%
Molten Heights 94 Dwarves and Doguns Part IV
41%
Detlas 9 Mushroom Man
41%
Mage Island 59 The Order of the Grook
41%
Aldorei Valley 74 Aldorei's Secret Part I
38%
Aldorei Town 78 Aldorei's Secret Part II
38%
Ice Islands 40 Ice Nations
38%
Bob's Tomb 74 Reincarnation
38%
Nemract 30 The Mercenary
38%
Decrepit Sewers 5 The Sewers of Ragni
38%
Detlas 6 Tunnel Trouble
38%
Thesead Mines 85 The Canary Calls
35%
Selchar 83 The Envoy Part I
35%
Corkus City 89 The Envoy Part II
35%
Ruined Olmic City 100 The Olmic Rune
35%
Nesaak 43 Underice
35%
Llevigar Plains 49 An Iron Heart Part I
32%
Olux Swamp 58 An Iron Heart Part II
32%
Llevigar Plains 42 Clearing the Camps
32%
Pigmen's Ravines 15 Creeper Infiltration
32%
Lexdale 72 Lexdale Witch Trials
32%
Caritat Mansion 67 Memory Paranoia
32%
Corrupted Village 26 The Corrupted Village
32%
Almuj 32 A Sandy Scandal
30%
Nesaak 45 Bob's Lost Soul
30%
Rooster Island 23 Cluck Cluck
30%
Ahmsord 95 One Thousand Meters Under
30%
Lake Gylia 77 Purple and Blue
30%
Tower of Amnesia 25 Recover the Past
30%
Detlas 13 Stable Story
30%
Avos Territory 91 The Feathers Fly Part I
30%
Corkus City 93 The Feathers Fly Part II
30%
Ahmsord 99 The Hero of Gavel
30%
Olux Swamp 51 The Maiden Tower
30%
Zhight Island 55 Zhight Island
30%
Rymek 38 Canyon Condor
27%
Nivla Woods 10 Elemental Exercise
27%
Llevigar 41 Heart of Llevigar
27%
Cinfras Suburbs 73 Murder Mystery
27%
Detlas 12 Potion Making
27%
Galleon's Graveyard 61 Redbeard's Booty
27%
Time Valley 25 Tempo Town Trouble
27%
Troms 57 The Passage
27%
Levtus Airbase 74 Acquiring Credentials
24%
Time Valley 27 Deja Vu
24%
Levtus Airbase 75 Flight in Distress
24%
Detlas 20 Grave Digger
24%
Slime Cave 31 Green Gloop
24%
Nivla Woods 4 Infested Plants
24%
Nemract 28 Misadventure on the Sea
24%
Lutho 102 Point of No Return
24%
Ahmsord 96 Recipe for Disaster
24%
Efilim 70 Shattered Minds
24%
House of Twain 50 A Grave Mistake
22%
Jofash Docks 90 Fantastic Voyage
22%
Dernel Jungle 66 Lost Soles
22%
Karoc Quarry 49 Rise of the Quartron
22%
Thesead 88 The Hidden City
22%
Thanos 81 The Thanos Depository
22%
Infested Pit 14 Arachnids' Ascent
19%
Undergrowth Ruins 52 Corrupted Betrayal
19%
Canyon of the Lost 86 Cowfusion
19%
Selchar 30 Craftmas Chaos
19%
Nemract 24 Dwelling Walls
19%
Sakura Dojo 89 Enter the Dojo
19%
Lexdale Penitentiary 72 Forbidden Prison
19%
Troms 63 Out of My Mind
19%
Sky Islands 98 Royal Trials
19%
Bantisu Air Temple 84 The Canyon Guides
19%
Olux Swamp 54 The Shadow of the Beast
19%
Dernel Jungle 73 Troubled Tribesmen
19%
Almuj 36 Wrath of the Mummy
19%
Thanos Bazaar 80 From the Bottom
16%
Kander Forest 73 Hollow Serenity
16%
Jungle 52 Jungle Fever
16%
Savannah 18 Lava Springs
16%
Nemract 26 Lost Tower
16%
Olux Swamp 53 Master Piece
16%
Llevigar Port 39 Pirate's Trove
16%
Llevigar Plains 42 Star Thief
16%
Lost Sanctuary 23 Studying the Corrupt
16%
Underworld Crypt 24 The Dark Descent
16%
Gylia Plains 77 The Hunger of Gerts Part 1
16%
Gylia Plains 78 The Hunger of Gerts Part 2
16%
Mesa 35 Tribal Aggression
16%
Pre-Light Forest 64 All Roads to Peace
14%
Pirate Cove 60 Beneath the Depths
14%
Canyon of the Lost 87 Beyond the Grave
14%
Olux 52 Crop Failure
14%
Olux Swamp 53 Death Whistle
14%
Ice Barrows 43 Fate of the Fallen
14%
Ice Canyon 48 Frost Bite
14%
Gelibord 69 Lazarus Pit
14%
Corkus Docks 87 Mixed Feelings
14%
Light Forest 75 The Ultimate Weapon
14%
Corkus Shore 86 Desperate Metal
11%
Jungle 69 Grand Youth
11%
Dead Island 70 Haven Antiquity
11%
Sand-Swept Tomb 33 Kingdom of Sand
11%
Iboju Village 62 Lost in the Jungle
11%
Troms 65 Lost Royalty
11%
Near Mount Wynn 21 Macabre Masquerade Hallowynn 2014
11%
Mushroom Village 76 The Bigger Picture
11%
Canyon of the Lost 83 A Marauder's Dues
8%
Llevigar Plains 44 Blazing Retribution
8%
Gylia Plains 79 Fallen Delivery
8%
Canyon of the Lost 80 General's Orders
8%
Olux Swamp 61 Reclaiming the House
8%
Pre-Light Forest 67 From the Mountains
5%
Almuj 33 Meaningful Holiday
5%
No matching quizzes found
Score Distribution
Percent of People with Each Score
Percentile by Number Answered
Your Score History
You have not taken this quiz